000 00344 a2200157 4500
001 58878
020 _a8534215561
040 _cAnchieta - Pituba
100 _aPiffer, Osvaldo
240 1 0 _aGeocontexto
_lpor
245 1 0 _aGeocontexto
300 _a368
362 0 _a2005
650 4 _aGeografia histórica - Atlas históricos
942 _cBK
999 _c58878
_d58878